| 000 | 00470pab a2200157 454500 | ||
|---|---|---|---|
| 008 | 180718b1984 xxu||||| |||| 00| 0 eng d | ||
| 100 | _aFeldman - Summers, Shirley | ||
| 245 | _aDifferences between rape victims who report and those who do not report to a public agency | ||
| 260 | _c1984 | ||
| 300 | _a562-73 | ||
| 362 | _aNov.-Dec. | ||
| 650 | _aSex Crimes - U.S.A. | ||
| 700 | _aJeanette Norris | ||
| 773 | _aJournal of Applied Social Psychology | ||
| 909 | _a18074 | ||
| 999 |
_c18074 _d18074 |
||